Culture Générale - Série 676 - Statistiques

Statistiques générales
  • Ce quiz a été pris 197 fois
  • Le résultat moyen est 7 sur 10
Statistiques - réponses
Question Réponse % Correct
Selon le proverbe, "qui va à la chasse... perd sa place
99%
Quels animaux est-il conseillé de compter, pour trouver le sommeil quand on n'arrive pas à s'endormir ? moutons
98%
"Hadji" est le titre honorifique que prend un Musulman qui a fait un pélerinage à... La Mecque
95%
Complétez cette comptine : "Lundi matin, l'emp'reur, sa femme et le p'tit... prince
89%
De quel pays la poutine est-elle une spécialité gastronomique ? Canada
78%
Complétez le titre du film de Woody Allen : "Tout ce que vous avez toujours voulu savoir sur le sexe... Sans jamais oser... le demander
67%
Quel mot désigne un titre de noblesse, une bague, un fauteuil et un auvent fixé au-dessus d'une porte d'entrée ? marquise
58%
Quel pastille médicamenteuse est l'homonyme d'un adjectif signifiant : "réduit de volume sous l'effet d'une pression" ? comprimé
28%
Dans quel film de Martin Scorsese, sorti en 2004, Leonardo DiCaprio interprète-t-il Howard Hughes ? Aviator
22%
Complétez le titre du film réalisé en 1943 par Jacques Becker : "Goupi mains ... rouges
19%
Aucun quiz correspondant
Distribution des résultats
% des personnes avec chaque résultat
Percentile par nombre de réponses
Votre historique - résultats
Vous n’avez pas pris ce quiz